00322 2200133 4500001002100000005001500021035002000036245004700056300000700103260003200110082000800142084001200150990002600162INLIS00000000000218220250527125031 a0010-0525000474 aHorison majalah sastra /cAcep zamzam noor a28 aJakarta :bDepdiknas,c2009 a800 a800 HOR a07.13303 s/d 07.13306